书目信息 |
| 题名: |
45种农用化工产品制造技术
|
|
| 作者: | 张文富 编著 | |
| 分册: | ||
| 出版信息: | 北京 金盾出版社 1991.11 |
|
| 页数: | 170页 | |
| 开本: | 19cm | |
| 丛书名: | ||
| 单 册: | ||
| 中图分类: | TQ06 | |
| 科图分类: | ||
| 主题词: | 化工过程:生产过程 , 化工产品--包装 , 化工产品--后处理 | |
| 电子资源: | ||
| ISBN: | 7-80022-372-8 | |
| 000 | 00897nam0 2200265 45 | |
| 001 | 0192004638 | |
| 005 | 20051114142120.15 | |
| 010 | @a7-80022-372-8@dCNY2.00 | |
| 020 | @a92004638 | |
| 092 | @a科技258-131 | |
| 100 | @a19920710d1991 em y0chiy0121 ea | |
| 101 | 0 | @achi |
| 102 | @aCN@b110000 | |
| 105 | @ay z 000yy | |
| 200 | 10 | @a45种农用化工产品制造技术@A45 zhong nong yong hua gong chan pin zhi zao ji shu@f张文富等编著@Fzhangwen fu deng bian zhu |
| 210 | @a北京@c金盾出版社@d1991.11 | |
| 215 | @a170页@d19cm | |
| 330 | @a本书收载了果蔬开花、着色促进剂,催熟剂,生长促进剂,高效、缓效肥料,新型园艺肥料,土壤消毒剂,病虫害防除剂等45种农用化工产品。 | |
| 606 | 0 | @a化工过程:生产过程 |
| 606 | 0 | @a化工产品@x包装 |
| 606 | 0 | @a化工产品@x后处理 |
| 690 | @aTQ06 | |
| 701 | 0 | @a张文富@Azhang wen fu@4编著 |
| 801 | 0 | @aCN@bNLC@c20051114 |
| 905 | @f2@b250759-760@dTQ06@e38@b250762@f1 | |
| 45种农用化工产品制造技术/张文富等编著.-北京:金盾出版社,1991.11 |
| 170页;19cm |
| ISBN 7-80022-372-8:CNY2.00 |
| 本书收载了果蔬开花、着色促进剂,催熟剂,生长促进剂,高效、缓效肥料,新型园艺肥料,土壤消毒剂,病虫害防除剂等45种农用化工产品。 |
| ● |
| 相关链接 |
|
|
|
|
正题名:45种农用化工产品制造技术
索取号:TQ06/38
 
预约/预借
| 序号 | 登录号 | 条形码 | 馆藏地/架位号 | 状态 | 备注 |
| 1 | 0250759 | 001646482 | 密集书库/ [索取号:TQ06/38] | 在馆 | |
| 2 | 0250760 | 001646464 | 密集书库/ [索取号:TQ06/38] | 在馆 | |
| 3 | 0250761 | 202146356 | 密集书库/ [索取号:TQ06/38] | 在馆 | |
| 4 | 0250762 | 001646491 | 第三借阅区/ [索取号:TQ06/38] | 在馆 | |
| 5 | 0250763 | 001646473 | 第二样本阅览室/ [索取号:TQ06/38] | 在馆 |